Geologica Carpathica international geological journal
| Predchádzajúci názov: | Geologický sborník |
|---|---|
| Ďalší autori: | , , , |
| Médium: | Časopis |
| Jazyk: | angličtina |
| Fyzický popis: | zv. 29 cm Online vydanie: Geologica Carpathica (Online), ISSN 1336-8052 |
| Vydavateľské údaje: |
Bratislava
Slovak Academic Press
1991-
Bratislava Veda Bratislava Prague Warsaw Earth Science Institute of the Slovak Academy of Sciences Institute of Geology of the Czech Academy of Sciences Polish Geological Institute |
| ISSN: | 1335-0552 1336-8052 0016-7738 |
| Predmet: | |
| On-line prístup: | http://www.geologicacarpathica.com/ |
MARC
| LEADER | 00000cas a2200000 a 4500 | ||
|---|---|---|---|
| 001 | vtls001476048 | ||
| 003 | SK-MaSNL | ||
| 005 | 20260514080522.0 | ||
| 008 | 250922c19919999xo br p 0 0b0eng | ||
| 022 | |a 1335-0552 | ||
| 035 | |a SNK000431349 | ||
| 035 | |a (SVKBB03)vtls000046497 | ||
| 040 | |a SNK |b slo |c SNK |d SVKBB |d SAVUK |e AACR2 | ||
| 041 | 0 | |a eng | |
| 044 | |a xo |c SK | ||
| 072 | 7 | |a 551 |x Geológia. Meteorológia. Klimatológia |2 konspekt | |
| 072 | 7 | |a 56 |x Paleontológia |2 konspekt | |
| 072 | 7 | |a 552 |x Petrológia |2 konspekt | |
| 080 | |a 552 |2 2001 | ||
| 080 | |a 56 |2 2001 | ||
| 080 | |a 551.1/.4 |2 2011 | ||
| 080 | |a 001(051) |2 2011 | ||
| 080 | |a 050 |2 2001 | ||
| 084 | |a MIČ 49 202 |2 mksr | ||
| 210 | 0 | |a Geol. Carpath. |b (Bratisl., Tlačené vyd.) | |
| 222 | 0 | |a Geologica Carpathica |b (Bratislava. Tlačené vydanie) | |
| 245 | 0 | 0 | |a Geologica Carpathica |b international geological journal |
| 260 | |a Bratislava |b Slovak Academic Press |c 1991- | ||
| 260 | 2 | |3 2001-2020 |a Bratislava |b Veda | |
| 260 | 3 | |3 2021- |a Bratislava |a Prague |a Warsaw |b Earth Science Institute of the Slovak Academy of Sciences |b Institute of Geology of the Czech Academy of Sciences |b Polish Geological Institute | |
| 300 | |a zv. |c 29 cm | ||
| 310 | |a 6x ročne | ||
| 362 | 0 | |a Vol. 42, no. 1 (Feb. 1991)- | |
| 500 | |a Official journal of the Carpathian-Balkan Geological Association | ||
| 500 | |a Šéfred.: 1996-1/2002, Jozef Michalík ; 2/2002-2/2008, Jozef Vozár ; 3/2008-1/2010, Jaroslav Lexa ; 2/2010- , Igor Broska | ||
| 500 | |a Evidenčné č. MK SR: EV 160/08 | ||
| 504 | |a Bibliogr. odkazy | ||
| 530 | |a Online vydanie: Geologica Carpathica (Online), ISSN 1336-8052 | ||
| 650 | 0 | 7 | |a petrológia |2 SNKPH |9 845 |
| 650 | 0 | 7 | |a paleontológia |2 SNKPH |9 50721 |
| 650 | 0 | 7 | |a mineralógia |2 SNKPH |9 943 |
| 650 | 0 | 7 | |a Geology |2 SNKPHeng |9 267026 |
| 650 | 0 | 7 | |a Petrology |2 SNKPHeng |9 267252 |
| 650 | 0 | 7 | |a Paleontology |2 SNKPHeng |9 267253 |
| 650 | 0 | 7 | |a Mineralogy |2 SNKPHeng |9 267254 |
| 650 | 0 | 7 | |a geológia |2 SNKPH |9 167377 |
| 655 | 7 | |a vedecké časopisy |2 SNKPH |9 70520 | |
| 655 | 7 | |a Scientific journals |2 SNKPHeng |9 265227 | |
| 700 | 1 | |a Michalík, Jozef, |d 1946- |4 pbd |9 237869 | |
| 700 | 1 | |a Vozár, Jozef, |d 1939- |4 pbd |9 143794 | |
| 700 | 1 | |a Lexa, Jaroslav, |d 1944- |4 pbd |9 99990 | |
| 700 | 1 | |a Broska, Igor, |d 1955- |4 pbd |9 115001 | |
| 710 | 2 | |a Slovenská akadémia vied. |b Geologický ústav |4 pbl |9 241772 | |
| 710 | 2 | |a Slovenská akadémia vied. |b Ústav vied o Zemi |4 pbl |9 176668 | |
| 710 | 2 | |a Akademie věd České republiky. |b Geologický ústav |4 pbl |9 227570 | |
| 710 | 2 | |a Poľský geologický ústav |4 pbl |9 267255 | |
| 770 | 0 | |t Geologica Carpathica Clays (Bratislava) |x 1210-2695 |w vtls008962052 | |
| 776 | 0 | |t Geologica Carpathica (Online) |x 1336-8052 | |
| 780 | 0 | 0 | |t Geologický sborník |x 0016-7738 |w vtls010299703 |
| 852 | |a Štátna vedecká knižnica v Banskej Bystrici | ||
| 856 | 4 | 1 | |u http://www.geologicacarpathica.com/ |
| 910 | |a snk | ||
| 910 | |a savuk | ||
| 910 | |a svkbb | ||
| 916 | |a 1991-2014, 2015-2017, 2018, 2019-2020, 2021 | ||
| 999 | |c 3532 |d 5462 | ||
| 952 | |t č. 1-6 |a SNK |b SNK |y PREZ |7 0 |p 17A0400030 |o snkČSC 491/46/1995 D1 |i snkČSP 842/96 |8 0 |0 0 |1 0 |4 0 |d 2003-10-10 |l 0 |r 2005-01-02 00:00:00 |w 2026-02-21 | ||
| 952 | |t č. 1-6 |a SNK |b SNK |y PREZ |7 0 |p 17A0859000 |o snkČSC 491/60/2009 D1 |i snk2013/29911 |8 0 |0 0 |1 0 |4 0 |d 2013-12-05 |l 0 |r 2026-02-21 19:33:03 |w 2026-02-21 | ||
| 952 | |t č. 1-6 |a SNK |b SNK |y PREZ |7 0 |p 17A0859001 |o snkČSC 491/61/2010 |i snk2013/29912 |8 0 |f 1 |0 0 |1 0 |4 0 |d 2013-12-05 |l 0 |r 2026-02-21 19:33:03 |w 2026-02-21 | ||
| 952 | |t č. 1-6 |a SNK |b SNK |y PREZ |7 0 |p 17A0859002 |o snkČSC 491/61/2010 D1 |i snk2013/29914 |8 0 |0 0 |1 0 |4 0 |d 2013-12-05 |l 0 |r 2026-02-21 19:33:03 |w 2026-02-21 | ||
| 952 | |t č. 1-6 |a SNK |b SNK |y PREZ |7 0 |p 17A0859003 |o snkČSC 491/62/2011 |i snk2013/29917 |8 0 |f 1 |0 0 |1 0 |4 0 |d 2013-12-05 |l 0 |r 2026-02-21 19:33:03 |w 2026-02-21 | ||
| 952 | |t č. 1-6 |a SNK |b SNK |y PREZ |7 0 |p 17A0859004 |o snkČSC 491/62/2011 D1 |i snk2013/29919 |8 0 |0 0 |1 0 |4 0 |d 2013-12-05 |l 0 |r 2026-02-21 19:33:03 |w 2026-02-21 | ||
| 952 | |t č. 1-6 |a SNK |b SNK |y PREZ |7 0 |p 17A0859005 |o snkČSC 491/63/2012 |i snk2013/29922 |8 0 |f 1 |0 0 |1 0 |4 0 |d 2013-12-05 |l 0 |r 2026-02-21 19:33:03 |w 2026-02-21 | ||
| 952 | |t č. 1-6 |a SNK |b SNK |y PREZ |7 0 |p 17A0859006 |o snkČSC 491/63/2012 D1 |i snk2013/29931 |8 0 |0 0 |1 0 |4 0 |d 2013-12-05 |l 0 |r 2026-02-21 19:33:03 |w 2026-02-21 | ||
| 952 | |t č. 1-6 |a SNK |b SNK |y PREZ |7 0 |p 17A1023144 |o snkČSC 491/48/1997 |i snkČSP 2255/2000 |f 1 |0 0 |1 0 |4 0 |d 2013-12-10 |l 0 |r 2026-02-21 19:33:10 |w 2026-02-21 | ||
| 952 | |t č. 1-6 |a SNK |b SNK |y PREZ |7 0 |p 17A0858996 |o snkČSC 491/58/2007 D1 |i snk2013/29895 |8 0 |0 0 |1 0 |4 0 |d 2013-12-05 |l 0 |r 2026-02-21 19:33:11 |w 2026-02-21 | ||
| 952 | |t č. 1-6 |a SNK |b SNK |y PREZ |7 0 |p 17A0858997 |o snkČSC 491/59/2008 |i snk2013/29900 |8 0 |f 1 |0 0 |1 0 |4 0 |d 2013-12-05 |l 0 |r 2026-02-21 19:33:11 |w 2026-02-21 | ||
| 952 | |t č. 1-6 |a SNK |b SNK |y PREZ |7 0 |p 17A0858998 |o snkČSC 491/59/2008 D1 |i snk2013/29901 |8 0 |0 0 |1 0 |4 0 |d 2013-12-05 |l 0 |r 2026-02-21 19:33:11 |w 2026-02-21 | ||
| 952 | |t č. 1-6 |a SNK |b SNK |y PREZ |7 0 |p 17A0858999 |o snkČSC 491/60/2009 |i snk2013/29910 |8 0 |f 1 |0 0 |1 0 |4 0 |d 2013-12-05 |l 0 |r 2026-02-21 19:33:11 |w 2026-02-21 | ||
| 952 | |t č. 1-6 + 1 špeciál. č. |a SNK |b SNK |y PREZ |7 0 |p 17A0858984 |o snkČSC 491/53/2002 |i snk2013/29849 |8 0 |f 1 |0 0 |1 0 |4 0 |d 2013-12-04 |l 0 |r 2026-02-21 19:33:11 |w 2026-02-21 | ||
| 952 | |t č. 1-6 + 1 špeciál. č. |a SNK |b SNK |y PREZ |7 0 |p 17A0858985 |o snkČSC 491/53/2002 D1 |i snk2013/29850 |8 0 |0 0 |1 0 |4 0 |d 2013-12-04 |l 0 |r 2026-02-21 19:33:12 |w 2026-02-21 | ||
| 952 | |t č. 1-6 |a SNK |b SNK |y PREZ |7 0 |p 17A0858986 |o snkČSC 491/54/2003 |i snk2013/29851 |8 0 |f 1 |0 0 |1 0 |4 0 |d 2013-12-04 |l 0 |r 2026-02-21 19:33:12 |w 2026-02-21 | ||
| 952 | |t č. 1-6 |a SNK |b SNK |y PREZ |7 0 |p 17A0858987 |o snkČSC 491/54/2003 D1 |i snk2013/29852 |8 0 |0 0 |1 0 |4 0 |d 2013-12-04 |l 0 |r 2026-02-21 19:33:12 |w 2026-02-21 | ||
| 952 | |t č. 1-6 |a SNK |b SNK |y PREZ |7 0 |p 17A0858988 |o snkČSC 491/55/2004 |i snk2013/29853 |8 0 |f 1 |0 0 |1 0 |4 0 |d 2013-12-04 |l 0 |r 2026-02-21 19:33:12 |w 2026-02-21 | ||
| 952 | |t č. 1-6 |a SNK |b SNK |y PREZ |7 0 |p 17A0858989 |o snkČSC 491/55/2004 D1 |i snk2013/29854 |8 0 |0 0 |1 0 |4 0 |d 2013-12-04 |l 0 |r 2026-02-21 19:33:12 |w 2026-02-21 | ||
| 952 | |t č. 1-6 |a SNK |b SNK |y PREZ |7 0 |p 17A0858990 |o snkČSC 491/56/2005 |i snk2013/29855 |8 0 |f 1 |0 0 |1 0 |4 0 |d 2013-12-04 |l 0 |r 2026-02-21 19:33:12 |w 2026-02-21 | ||
| 952 | |t č. 1-6 |a SNK |b SNK |y PREZ |7 0 |p 17A0858991 |o snkČSC 491/56/2005 D1 |i snk2013/29856 |8 0 |0 0 |1 0 |4 0 |d 2013-12-04 |l 0 |r 2026-02-21 19:33:12 |w 2026-02-21 | ||
| 952 | |t č. 1-6 |a SNK |b SNK |y PREZ |7 0 |p 17A0858992 |o snkČSC 491/57/2006 |i snk2013/29857 |8 0 |f 1 |0 0 |1 0 |4 0 |d 2013-12-04 |l 0 |r 2026-02-21 19:33:12 |w 2026-02-21 | ||
| 952 | |t č. 1-6 |a SNK |b SNK |y PREZ |7 0 |p 17A0858993 |o snkČSC 491/57/2006 D1 |i snk2013/29858 |8 0 |0 0 |1 0 |4 0 |d 2013-12-04 |l 0 |r 2026-02-21 19:33:12 |w 2026-02-21 | ||
| 952 | |t č. 1-6 |a SNK |b SNK |y PREZ |7 0 |p 17A0858995 |o snkČSC 491/58/2007 |i snk2013/29859 |8 0 |f 1 |0 0 |1 0 |4 0 |d 2013-12-04 |l 0 |r 2026-02-21 19:33:12 |w 2026-02-21 | ||
| 952 | |t č. 1-6 |a SNK |b SNK |y PREZ |7 0 |p 17A1434124 |o snkČSC 491/70/2019 D1 |i snk2021/5705 |8 0 |0 0 |1 0 |4 0 |d 2021-05-26 |l 0 |r 2026-02-21 19:41:35 |w 2026-02-21 | ||
| 952 | |t č. 1-6 |a SNK |b SNK |y PREZ |7 0 |p 17A1434125 |o snkČSC 491/71/2020 |i snk2021/5706 |8 0 |f 1 |0 0 |1 0 |4 0 |d 2021-05-26 |l 0 |r 2026-02-21 19:41:35 |w 2026-02-21 | ||
| 952 | |t č. 1-6, neúplné |a SNK |b SNK |y PREZ |7 0 |p 17A0614547 |o snkČSC 491/43/1992 D1 |i snkČSP 2258/2000 |0 0 |1 0 |4 0 |d 2024-08-20 |l 0 |r 2026-02-21 19:49:47 |w 2026-02-21 | ||
| 952 | |t č. 1-3 |a SNK |b SNK |y PREZ |7 0 |p 17A1463540 |o snkČSC 491/72/2021/1 |i snk2022/10357 |8 0 |f 1 |0 0 |1 0 |4 0 |d 2022-06-22 |l 0 |r 2026-02-21 20:03:34 |w 2026-02-21 | ||
| 952 | |t č. 4-6 |a SNK |b SNK |y PREZ |7 0 |p 17A1463541 |o snkČSC 491/72/2021/2 |i snk2022/10360 |8 0 |f 1 |0 0 |1 0 |4 0 |d 2022-06-22 |l 0 |r 2026-02-21 20:03:34 |w 2026-02-21 | ||
| 952 | |t č. 1-6 |a SNK |b SNK |y PREZ |7 0 |p 17A1556300 |o snkČSC 491/73/2022 |i snk2025/14709 |8 0 |0 0 |1 0 |4 0 |d 2025-09-19 |l 0 |r 2026-02-21 20:11:29 |w 2026-02-21 | ||
| 952 | |t č. 1-6 |a SNK |b SNK |y PREZ |7 0 |p 17A1556301 |o snkČSC 491/74/2023 |i snk2025/14710 |8 0 |0 0 |1 0 |4 0 |d 2025-09-19 |l 0 |r 2026-02-21 20:11:29 |w 2026-02-21 | ||
| 952 | |t č. 1-6 |a SNK |b SNK |y PREZ |7 0 |p 17A1556302 |o snkČSC 491/75/2024 |i snk2025/14711 |8 0 |0 0 |1 0 |4 0 |d 2025-09-19 |l 0 |r 2026-02-21 20:11:30 |w 2026-02-21 | ||
| 952 | |t č. 1-6 |a SNK |b SNK |y PREZ |7 0 |p 17A0500561 |o snkČSC 491/44/1993 D1 |i snkČSP 888/96 |3 rekatalogizácia |0 0 |1 0 |4 0 |d 2006-03-11 |l 0 |r 2026-02-21 20:22:12 |w 2026-02-21 | ||
| 952 | |t č. 1-6 |a SNK |b SNK |y PREZ |7 0 |p 17A0734240 |o snkČSC 491/42/1991 |i snkČSP 3959/92 |f 1 |0 0 |1 0 |4 0 |d 2014-01-29 |l 0 |r 2026-02-21 20:31:36 |w 2026-02-21 | ||
| 952 | |t č. 1-6 |a SNK |b SNK |y PREZ |7 0 |p 17A0734239 |o snkČSC 491/43/1992 |i snkČSP 2257/2000 |f 1 |0 0 |1 0 |4 0 |d 2014-01-29 |l 0 |r 2026-02-21 20:31:36 |w 2026-02-21 | ||
| 952 | |t č. 1-6 |a SNK |b SNK |y PREZ |7 0 |p 17A0734237 |o snkČSC 491/44/1993 |i snkČSP 887/96 |f 1 |0 0 |1 0 |4 0 |d 2014-01-29 |l 0 |r 2026-02-21 20:31:37 |w 2026-02-21 | ||
| 952 | |t č. 1-6 |a SNK |b SNK |y PREZ |7 0 |p 17A0734236 |o snkČSC 491/45/1994 |i snkČSP 889/96 |f 1 |0 0 |1 0 |4 0 |d 2014-01-29 |l 0 |r 2026-02-21 20:31:37 |w 2026-02-21 | ||
| 952 | |t č. 1-6 |a SNK |b SNK |y PREZ |7 0 |p 17A0734235 |o snkČSC 491/46/1995 |i snkČSP 891/96 |f 1 |0 0 |1 0 |4 0 |d 2014-01-29 |l 0 |r 2026-02-21 20:31:37 |w 2026-02-21 | ||
| 952 | |t č. 1-6 |a SNK |b SNK |y PREZ |7 0 |p 17A0734234 |o snkČSC 491/47/1996 |i snkČSP 3611/99 |f 1 |0 0 |1 0 |4 0 |d 2014-01-29 |l 0 |r 2026-02-21 20:31:37 |w 2026-02-21 | ||
| 952 | |t č. 1-6 |a SNK |b SNK |y PREZ |7 0 |p 17A0734233 |o snkČSC 491/49/1998 |i snkČSP 2210/2000 |f 1 |0 0 |1 0 |4 0 |d 2014-01-29 |l 0 |r 2026-02-21 20:31:37 |w 2026-02-21 | ||
| 952 | |t č. 1-6 |a SNK |b SNK |y PREZ |7 0 |p 17A0734232 |o snkČSC 491/50/1999 |i snkČSP 366/2004 |f 1 |0 0 |1 0 |4 0 |d 2014-01-29 |l 0 |r 2026-02-21 20:31:39 |w 2026-02-21 | ||
| 952 | |t č. 1-6 |a SNK |b SNK |y PREZ |7 0 |p 17A0734231 |o snkČSC 491/51/2000 |i snkČSP 1639/2002 |f 1 |0 0 |1 0 |4 0 |d 2014-01-29 |l 0 |r 2026-02-21 20:31:43 |w 2026-02-21 | ||
| 952 | |t č. 1-6 |a SNK |b SNK |y PREZ |7 0 |p 17A0734208 |o snkČSC 491/52/2001 |i snkČSP 368/2004 |f 1 |0 0 |1 0 |4 0 |d 2014-01-29 |l 0 |r 2026-02-21 20:31:43 |w 2026-02-21 | ||
| 952 | |t č. 1-2 |a SNK |b SNK |y PREZ |7 0 |p 17A1024050 |o snkČSC 491/23/1977 D1 |i snkČSP 118/77 |0 0 |1 0 |4 0 |d 2014-03-28 |l 0 |r 2026-02-21 20:51:11 |w 2026-02-21 | ||
| 952 | |t č. 1-6 |a SNK |b SNK |y PREZ |7 0 |p 17A0319351 |o snkČSC 491/47/1996 D1 |0 0 |1 0 |4 0 |d 2001-10-19 |l 0 |r 2005-01-02 00:00:00 |w 2026-02-21 | ||
| 952 | |t č. 1-6 |a SNK |b SNK |y PREZ |7 0 |p 17A1144119 |o snkČSC 491/64/2013 |i snk2015/15632 |8 0 |f 1 |0 0 |1 0 |4 0 |d 2015-05-14 |l 0 |r 2026-02-21 21:34:22 |w 2026-02-21 | ||
| 952 | |t č. 1-6 |a SNK |b SNK |y PREZ |7 0 |p 17A1144118 |o snkČSC 491/64/2013 D1 |i snk2015/15633 |8 0 |0 0 |1 0 |4 0 |d 2015-05-14 |l 0 |r 2026-02-21 21:34:22 |w 2026-02-21 | ||
| 952 | |t č. 1-6 |a SNK |b SNK |y PREZ |7 0 |p 17A1144117 |o snkČSC 491/65/2014 |i snk2015/15634 |8 0 |f 1 |0 0 |1 0 |4 0 |d 2015-05-14 |l 0 |r 2026-02-21 21:34:22 |w 2026-02-21 | ||
| 952 | |t č. 1-6 |a SNK |b SNK |y PREZ |7 0 |p 17A1144116 |o snkČSC 491/65/2014 D1 |i snk2015/15635 |8 0 |0 0 |1 0 |4 0 |d 2015-05-14 |l 0 |r 2026-02-21 21:34:22 |w 2026-02-21 | ||
| 952 | |t č. 1-6 |a SNK |b SNK |y PREZ |7 0 |p 17A1462161 |o snkČSC 491/71/2020 D1 |i snk2022/3090 |8 0 |0 0 |1 0 |4 0 |d 2022-03-01 |l 0 |r 2026-02-21 21:39:45 |w 2026-02-21 | ||
| 952 | |t č. 1-6 |a SNK |b SNK |y PREZ |7 0 |p 17A1339496 |o snkČSC 491/66/2015 |i snk2018/19791 |8 0 |f 1 |0 0 |1 0 |4 0 |d 2018-10-02 |l 0 |r 2026-02-21 21:50:16 |w 2026-02-21 | ||
| 952 | |t č. 1-6, neúplné |a SNK |b SNK |y PREZ |7 0 |p 17A1339497 |o snkČSC 491/66/2015 D1 |i snk2018/19793 |8 0 |z Chýba č. 4 |0 0 |1 0 |4 0 |d 2018-10-02 |l 0 |r 2026-02-21 21:50:16 |w 2026-02-21 | ||
| 952 | |t č. 1-6 |a SNK |b SNK |y PREZ |7 0 |p 17A1339498 |o snkČSC 491/67/2016 |i snk2018/19795 |8 0 |f 1 |0 0 |1 0 |4 0 |d 2018-10-02 |l 0 |r 2026-02-21 21:50:16 |w 2026-02-21 | ||
| 952 | |t č. 1-6 |a SNK |b SNK |y PREZ |7 0 |p 17A1339499 |o snkČSC 491/67/2016 D1 |i snk2018/19796 |8 0 |0 0 |1 0 |4 0 |d 2018-10-02 |l 0 |r 2026-02-21 21:50:16 |w 2026-02-21 | ||
| 952 | |t č. 1-6 |a SNK |b SNK |y PREZ |7 0 |p 17A1339500 |o snkČSC 491/68/2017 |i snk2018/19797 |8 0 |f 1 |0 0 |1 0 |4 0 |d 2018-10-02 |l 0 |r 2026-02-21 21:50:16 |w 2026-02-21 | ||
| 952 | |t č. 1-6 |a SNK |b SNK |y PREZ |7 0 |p 17A1339501 |o snkČSC 491/68/2017 D1 |i snk2018/19798 |8 0 |0 0 |1 0 |4 0 |d 2018-10-02 |l 0 |r 2026-02-21 21:50:16 |w 2026-02-21 | ||
| 952 | |t č. 1-6 |a SNK |b SNK |y PREZ |7 0 |p 17A1370810 |o snkČSC 491/69/2018 |i snk2019/26926 |8 0 |f 1 |0 0 |1 0 |4 0 |d 2019-10-22 |l 0 |r 2026-02-21 22:00:31 |w 2026-02-21 | ||
| 952 | |t č. 1-6 |a SNK |b SNK |y PREZ |7 0 |p 17A1370811 |o snkČSC 491/69/2018 D1 |i snk2019/26930 |8 0 |0 0 |1 0 |4 0 |d 2019-10-22 |l 0 |r 2026-02-21 22:00:31 |w 2026-02-21 | ||
| 952 | |t č. 1-6 |a SNK |b SNK |y PREZ |7 0 |p 17A1431720 |o snkČSC 491/70/2019 |i snk2020/18025 |8 0 |f 1 |0 0 |1 0 |4 0 |d 2020-10-07 |l 0 |r 2026-02-21 22:16:21 |w 2026-02-21 | ||


